[Event "Open Tournament for SM Members #2"]
[Site "SchemingMind.com"]
[Date "2007.04.28"]
[Round "-"]
[White "Archon"]
[Black "fourluxflakes"]
[Result "1-0"]
[WhiteCountry "CAN"]
[BlackCountry "ENG"]
[WhiteElo "1774"]
[WhiteRD "50"]
[BlackElo "1952"]
[BlackRD "72"]
[GameID "102709"]

1. e4 Nf6 2. e5 Nd5 3. d4 d6 4. c4 Nb6 5. exd6 cxd6 6. Nc3 g6 7. Be3 Bg7 8. Rc1 O-O 9. b3 Nc6 10. d5 Ne5
11. Be2 f5 12. f4 Nf7 13. Nf3 Nd7 14. O-O Nf6 15. h3 Bd7 16. Kh1 a6 17. a4 e5 18. dxe6 Bxe6 19. Nd4 Re8 20. Nxe6 Rxe6
21. Bg1 Qd7 22. Bf3 Rae8 23. Nd5 Nxd5 24. Bxd5 Re2 25. Rf2 R2e7 26. Rd2 Kh8 27. Bxf7 Rxf7 28. Rxd6 Qe7 29. Bd4 Qe4 30. Bxg7+ Rxg7
31. Qd4 Qe3 32. Rd1 Qxd4 33. R1xd4 Rge7 34. Rd7 Kg8 35. Rd8 Re1+ 36. Kh2 Kf7 37. Rxe8 Rxe8 38. b4 Ke6 39. Kg3 Re7 40. Kf2 Kf6
41. c5 h6 42. b5 axb5 43. axb5 g5 44. Rd6+ Re6 45. fxg5+ hxg5 46. Rd3 Ke5 47. Ke3 Kf6+ 48. Kd4 f4 49. Rd2 Ke7 50. Rc2 Kd7
51. c6+ bxc6 52. bxc6+ Kc7 53. Kd5 Re3 54. Kd4 Re6 55. Kd5 Re3 56. Kd4 Re6 57. Rc5 Rg6 58. Ke4 Rg8 59. Kf5 Kd6 60. Rc2 Kc7
61. Kg4 Rg7 62. Rc5
1-0

[Event "Open Tournament for SM Members #2"]
[Site "SchemingMind.com"]
[Date "2007.04.28"]
[Round "-"]
[White "smothered mate"]
[Black "fourluxflakes"]
[Result "1/2-1/2"]
[WhiteCountry "POL"]
[BlackCountry "ENG"]
[WhiteElo "2008"]
[WhiteRD "75"]
[BlackElo "1960"]
[BlackRD "67"]
[GameID "102711"]

1. e4 Nf6 2. e5 Nd5 3. c4 Nb6 4. d4 d6 5. exd6 cxd6 6. Nc3 g6 7. Nf3 Bg4 8. h3 Bxf3 9. Qxf3 Nc6 10. Be3 Bg7
11. O-O-O O-O 12. g4 e5 13. d5 Na5 14. b3 Nd7 15. Ne4 Qc7 16. h4 b5 17. c5 Nxc5 18. Bxc5 Nb7 19. Bxb5 Nxc5 20. Bc6 Nxe4
21. Qxe4 a5 22. h5 a4 23. b4 f5 24. gxf5 gxf5 25. Qg2 Kh8 26. Kb1 a3 27. Rd3 e4 28. Rb3 Rab8 29. b5 Bb2 30. h6 Rg8
31. Qh3 Rg4 32. f3 exf3 33. Qxf3 Rbg8 34. Rf1 Qe7 35. b6 Rg1 36. b7 Rxf1+ 37. Qxf1 Qe4+ 38. Rd3 Qb4 39. Rb3 Qe4+ 40. Rd3 Qb4=
1/2-1/2

[Event "Open Tournament for SM Members #2"]
[Site "SchemingMind.com"]
[Date "2007.05.02"]
[Round "-"]
[White "Montego"]
[Black "fourluxflakes"]
[Result "0-1"]
[WhiteCountry "PHI"]
[BlackCountry "ENG"]
[WhiteElo "1634"]
[WhiteRD "106"]
[BlackElo "1960"]
[BlackRD "67"]
[GameID "102714"]

1. e4 Nf6 2. e5 Nd5 3. c4 Nb6 4. d4 d6 5. f4 dxe5 6. fxe5 g6 7. Nf3 Bg7 8. Nc3 O-O 9. Be2 c5 10. d5 Bg4
11. Bf4 N8d7 12. Qc2 Bxf3 13. gxf3 Nxe5 14. Ne4 Nbd7 15. h4 Qc7 16. Be3 a6 17. f4 Bh6 18. Qd2 f5 19. Ng5 Bxg5 20. hxg5 Ng4
0-1

[Event "Open Tournament for SM Members #2"]
[Site "SchemingMind.com"]
[Date "2007.04.27"]
[Round "-"]
[White "Andavar"]
[Black "fourluxflakes"]
[Result "0-1"]
[WhiteCountry "ESP"]
[BlackCountry "ENG"]
[WhiteElo "1454"]
[WhiteRD "118"]
[BlackElo "1905"]
[BlackRD "72"]
[GameID "102715"]

1. e4 Nf6 2. e5 Nd5 3. d4 d6 4. Nf3 dxe5 5. Nxe5 g6 6. Bc4 c6 7. O-O Bg7 8. Re1 O-O 9. Bb3 Be6 10. Nd2 Nd7
0-1

[Event "Open Tournament for SM Members #2"]
[Site "SchemingMind.com"]
[Date "2007.04.30"]
[Round "-"]
[White "javilez"]
[Black "mkefeli"]
[Result "0-1"]
[WhiteCountry "NCA"]
[BlackCountry "TUR"]
[WhiteElo "1797"]
[WhiteRD "61"]
[BlackElo "2085"]
[BlackRD "89"]
[GameID "102734"]

1. d4 d5 2. c4 e6 3. Nc3 c6 4. e3 Nf6 5. Nf3 a6 6. b3 Bb4 7. Bd2 O-O 8. Qc2 Nbd7 9. Bd3 Qc7 10. O-O e5
11. cxd5 cxd5 12. dxe5 Nxe5 13. Nd4 Neg4 14. Nf3 Ne5 15. Nd4 Nxd3 16. Qxd3 Ng4 17. Nf3 Be6 18. Rac1 Ne5 19. Nxe5 Qxe5 20. Ne2 Bf5
21. Qd4 Qxd4 22. Nxd4 Bxd2 23. Nxf5 Bxc1 24. Rxc1 Rfd8 25. Rd1 Kf8 26. g3 Rac8 27. e4 g6 28. Ne3 dxe4 29. Rxd8+ Rxd8
0-1

[Event "Open Tournament for SM Members #2"]
[Site "SchemingMind.com"]
[Date "2007.04.28"]
[Round "-"]
[White "javilez"]
[Black "fourluxflakes"]
[Result "0-1"]
[WhiteCountry "NCA"]
[BlackCountry "ENG"]
[WhiteElo "1691"]
[WhiteRD "60"]
[BlackElo "1952"]
[BlackRD "72"]
[GameID "102735"]

1. d4 Nf6 2. c4 g6 3. Nc3 Bg7 4. e4 d6 5. f3 O-O 6. Be3 c5 7. dxc5 dxc5 8. Bxc5 Nc6 9. Nge2 Qa5 10. Be3 Rd8
11. Qa4 Qxa4 12. Nxa4 Nb4 13. Rc1 Nd3+ 14. Kd2 Nxc1+ 15. Kxc1 b6 16. Nec3 Bd7 17. Be2 Bxa4 18. Nxa4 Rac8 19. b3 Nd7 20. Rd1 Ne5
21. Nb2 Rxd1+ 22. Bxd1 Rd8 23. Be2 Nc6 24. c5 bxc5 25. Nc4 Nd4 26. Bxd4 cxd4 27. Bd3 e5 28. Kd2 f6 29. a4 Bf8 30. Kc2 Bb4
31. h3 Kg7
0-1

[Event "Open Tournament for SM Members #2"]
[Site "SchemingMind.com"]
[Date "2007.04.28"]
[Round "-"]
[White "javilez"]
[Black "Archon"]
[Result "1-0"]
[WhiteCountry "NCA"]
[BlackCountry "CAN"]
[WhiteElo "1742"]
[WhiteRD "56"]
[BlackElo "1753"]
[BlackRD "50"]
[GameID "102736"]

1. d4 Nf6 2. c4 e6 3. Nc3 Bb4 4. Nf3 Bxc3+ 5. bxc3 d6 6. Bg5 Nbd7 7. e3 O-O 8. Bd3 Re8 9. O-O h6 10. Bh4 c5
11. Qc2 Qa5 12. Bg3 Qa6 13. h3 e5 14. e4 Qc6 15. d5 Qc7 16. Nd2 Nb6 17. f4 exf4 18. Bxf4 Nbd7 19. Rf3 Ne5 20. Rf2 Qe7
21. Raf1 Ned7 22. Qd1 Rf8 23. Qf3 Ne5 24. Bxe5 Qxe5 25. Bc2 Bd7 26. Qe3 Ne8 27. Nf3 Qe7 28. e5 Nc7 29. Qe4 f5 30. Qe2 dxe5
31. Qxe5 Qd8 32. d6 Ne8 33. Nh2 Qf6 34. Qxf6 Rxf6 35. Bxf5 Bxf5 36. Rxf5 Rxf5 37. Rxf5 Nxd6 38. Rxc5 Rc8 39. Rxc8+ Nxc8 40. Nf3 Nd6
41. Nd2 Kf7 42. Kf2 b6 43. Kf3 Ke6 44. g4 Ke5 45. Ke3 Nb7 46. Nf3+ Kd6 47. Nd4 Kc5 48. Kd3 Nd8 49. Nb3+ Kd6 50. Ke4 Ne6
51. h4 Kc6 52. Nd4+ Kd6 53. Nb5+ Kc5 54. Nd4 Kd6 55. Nxe6 Kxe6 56. h5 a6 57. a3 b5 58. c5 a5 59. Kd4 Kd7 60. Kd5 Kc7
61. c6
1-0

[Event "Open Tournament for SM Members #2"]
[Site "SchemingMind.com"]
[Date "2007.04.28"]
[Round "-"]
[White "javilez"]
[Black "smothered mate"]
[Result "0-1"]
[WhiteCountry "NCA"]
[BlackCountry "POL"]
[WhiteElo "1746"]
[WhiteRD "68"]
[BlackElo "2008"]
[BlackRD "75"]
[GameID "102738"]

1. d4 d5 2. c4 Bf5 3. e3 Bxb1 4. Rxb1 c6 5. Nf3 e6 6. cxd5 exd5 7. Bd3 Qa5+ 8. Bd2 Qc7 9. O-O Bd6 10. Qc2 Nf6
11. e4 dxe4 12. Bxe4 O-O 13. Bd3 Nbd7 14. Rfe1 Rfe8 15. Qb3 Nd5 16. Bc4 N7f6 17. Rbc1 Qb6 18. Bxd5 Nxd5 19. Qxb6 Nxb6 20. Rxe8+ Rxe8
21. Re1 Rxe1+ 22. Bxe1 f6 23. b3 Kf7 24. Kf1 Nd5 25. g3 Ke6 26. Ke2 Kf5 27. Kd3 b5 28. h3 h5 29. Nh4+ Ke6 30. Ke4 f5+
31. Nxf5 Nf6+
0-1

[Event "Open Tournament for SM Members #2"]
[Site "SchemingMind.com"]
[Date "2007.05.02"]
[Round "-"]
[White "javilez"]
[Black "Montego"]
[Result "1-0"]
[WhiteCountry "NCA"]
[BlackCountry "PHI"]
[WhiteElo "1746"]
[WhiteRD "68"]
[BlackElo "1634"]
[BlackRD "106"]
[GameID "102741"]

1. d4 d5 2. c4 c6 3. e3 Bf5 4. Nc3 e6 5. cxd5 cxd5 6. Bd3 Bg6 7. Bxg6 hxg6 8. Nf3 Nc6 9. Bd2 Nf6 10. O-O a6
11. a3 Bd6 12. h3 Qc7 13. Re1 Rh5 14. h4 Ng4 15. Qe2 f5 16. g3 Nf6 17. Rac1
1-0

[Event "Open Tournament for SM Members #2"]
[Site "SchemingMind.com"]
[Date "2007.05.01"]
[Round "-"]
[White "mkefeli"]
[Black "javilez"]
[Result "1-0"]
[WhiteCountry "TUR"]
[BlackCountry "NCA"]
[WhiteElo "2077"]
[WhiteRD "90"]
[BlackElo "1742"]
[BlackRD "56"]
[GameID "102743"]

1. d4 d5 2. Nf3 c5 3. g3 e6 4. Bg2 Nc6 5. O-O Nf6 6. c4 dxc4 7. Qa4 Bd7 8. dxc5 Bxc5 9. Qxc4 Bb6 10. Nc3 O-O
11. Bg5 Rc8 12. Qh4 Bc5 13. Rad1 Be7 14. Rd2 Qc7 15. Rfd1 Rfd8 16. Ne4 Nxe4 17. Qxe4 Be8 18. h4 Rxd2 19. Rxd2 Nb8 20. Bxe7 Qxe7
21. Ng5 g6 22. Qxb7 Qxb7 23. Bxb7 Rc1+ 24. Kh2 Nd7 25. Bf3 h6 26. Ne4 Rc7 27. Nd6 Kf8 28. Nxe8 Kxe8 29. e3 Ne5 30. Be2 Rd7
31. Rxd7 Kxd7 32. f4 Nc6 33. Bb5 Kd6 34. Bxc6 Kxc6 35. Kg2 Kd5 36. Kf3 f5 37. Ke2 Ke4 38. Kd2
1-0

[Event "Open Tournament for SM Members #2"]
[Site "SchemingMind.com"]
[Date "2007.04.29"]
[Round "-"]
[White "fourluxflakes"]
[Black "javilez"]
[Result "1-0"]
[WhiteCountry "ENG"]
[BlackCountry "NCA"]
[WhiteElo "1952"]
[WhiteRD "72"]
[BlackElo "1691"]
[BlackRD "60"]
[GameID "102744"]

1. e4 c5 2. Nf3 d6 3. Bb5+ Bd7 4. Bxd7+ Nxd7 5. O-O e6 6. c3 Ngf6 7. Re1 Qc7 8. d4 Be7 9. Nbd2 O-O 10. d5 e5
11. a4 b6 12. Nc4 a6 13. Qc2 b5 14. axb5 axb5 15. Rxa8 Rxa8 16. Ne3 g6 17. h3 Qa5 18. Nf1 Qa4 19. Qe2 c4 20. Bg5 Qb3
21. Ng3 Ra2 22. Rb1 b4 23. Nd2 Qc2 24. cxb4 Kg7 25. Qxc4 Rxb2 26. Qxc2 Rxc2 27. b5 h6 28. Be3 Rc7 29. b6 Rb7 30. Nc4 Ne8
31. Na5 Rb8 32. Nc6 Bd8 33. Nxb8
1-0

[Event "Open Tournament for SM Members #2"]
[Site "SchemingMind.com"]
[Date "2007.04.28"]
[Round "-"]
[White "Archon"]
[Black "javilez"]
[Result "1-0"]
[WhiteCountry "CAN"]
[BlackCountry "NCA"]
[WhiteElo "1707"]
[WhiteRD "52"]
[BlackElo "1746"]
[BlackRD "68"]
[GameID "102745"]

1. e4 c5 2. Nc3 d6 3. f4 Nc6 4. Nf3 g6 5. Bb5 Bd7 6. d3 Bg7 7. O-O a6 8. Bxc6 Bxc6 9. Qe1 e6 10. Bd2 b5
11. Rb1 Ne7 12. Kh1 O-O 13. Qh4 d5 14. f5 exf5 15. Bh6 dxe4 16. dxe4 fxe4 17. Ng5 Nf5 18. Rxf5 gxf5 19. Bxg7 Kxg7 20. Qxh7+ Kf6
21. Ncxe4+ Bxe4 22. Nxe4+ fxe4 23. Rf1+ Ke5 24. Qf5+ Kd6 25. Rd1+ Kc6 26. Qxe4+ Kc7 27. Qe5+ Kc6 28. Rxd8 Raxd8 29. h3 f5 30. Qf4 Rd1+
31. Kh2 Rd4 32. Qh6+ Kd5 33. Qxf8
1-0

[Event "Open Tournament for SM Members #2"]
[Site "SchemingMind.com"]
[Date "2007.04.29"]
[Round "-"]
[White "smothered mate"]
[Black "javilez"]
[Result "1-0"]
[WhiteCountry "POL"]
[BlackCountry "NCA"]
[WhiteElo "1901"]
[WhiteRD "79"]
[BlackElo "1762"]
[BlackRD "63"]
[GameID "102747"]

1. e4 c5 2. Nf3 d6 3. d4 cxd4 4. Nxd4 Nf6 5. f3 a6 6. Be3 Nbd7 7. c4 Qc7 8. Nc3 e6 9. Qd2 b6 10. Be2 Bb7
11. O-O Be7 12. Rac1 Rc8 13. Rfd1 O-O 14. g4 e5 15. Nf5 Nc5 16. Nxe7+ Qxe7 17. Qxd6 Qc7 18. b4 Ncd7 19. g5
1-0

[Event "Open Tournament for SM Members #2"]
[Site "SchemingMind.com"]
[Date "2007.05.02"]
[Round "-"]
[White "Montego"]
[Black "javilez"]
[Result "0-1"]
[WhiteCountry "PHI"]
[BlackCountry "NCA"]
[WhiteElo "1765"]
[WhiteRD "136"]
[BlackElo "1776"]
[BlackRD "67"]
[GameID "102750"]

1. Nf3 d5 2. g3 c5 3. Bg2 Nc6 4. O-O e5 5. d3 f6 6. Nbd2 Bd6 7. c3 Nge7 8. Re1 O-O 9. a3 a5 10. e4 d4
11. Nc4 b5 12. Nxd6 Qxd6 13. Qb3+ Be6 14. Qxb5 Rfb8
0-1